MDQL
is popping MORE tags! Check the
thread
!
Quizzes
Events
Quiz Creation
Community
Videos
Private Events
Remove Ads
Sign In
Join for FREE
Feedback
Dark Mode
Quiz Categories
Sports
Geography
Music
Movies
Television
Just For Fun
Miscellaneous
History
Literature
Language
Science
Gaming
Entertainment
Religion
Holiday
For Kids
Quiz Lab
Recent
Popular Today
Quiz Kudos Today
Editor Picks
Curator Picks
Quizzes by...
Day
Popularity
Type
Ratings
Length
Year
Community
Subscriptions
Recent Discussions
Orange Saloon
Badges
Playlists
Quests
Create
Leaderboards
Showdown
Live 5
Trivia Bingo
Activity
Puzzle Library
Sporcle Events
Private Events
Virtual Trivia
Globe League
Become a Host
Pub Owners
SporcleCon
Opinionation
Our Games
Videos
Blog
Mobile Apps
Partnerships
Remove Ads and Go Orange
Feedback
Miscellaneous
Crossword
General Knowledge
Baby Names
Logo
Food
Cars
Numbers
Grab Bag
University
College
Popular
Company
Slogans
Restaurants
Justice
Letter
Miscellaneous
Crossword
General Knowledge
Baby Names
Logo
Food
Cars
Numbers
Grab Bag
University
College
Popular
Company
Slogans
Restaurants
Justice
Letter
Random Quiz
Search Sporcle
×
Quiz Lab
Quiz Lab
Miscellaneous
Pokémon
Type in answers that appear in a list
Type in answers that appear in a list
Classic
Best Score? Go Orange.
Elite Four Pokemon Stats
Can you name the Elite Four Pokemon Teams
By
Timmy123
3m
80 Questions
239 Plays
239 Plays
239 Plays
Comments
Comments
Give Quiz Kudos
Give Quiz Kudos
-
- Ratings
hide this ad
Replay
Link that replays current quiz
Next Quiz
Link to next quiz in quiz playlist
You Got
0%
They Got
Avg Score
60%
Avg Friend Score
Upgrade to see
Score Distribution
Jump to the score distribution portion of the page
Score
0/80
Timer
03:00
0
Plays Today
Hint
Answer
% Correct
Karen
Gengar
89.5%
Agatha
Gengar
89.5%
Agatha
Gengar
89.5%
Lance
Dragonite
89.1%
Lorelei
Lapras
89.1%
Bruno (HG)
Hitmonlee
87%
Bruno (Fire Red)
Hitmonlee
87%
Lance
Dragonair
86.6%
Lance
Dragonair
86.6%
Bruno (HG)
Machamp
86.2%
Bruno (HG)
Onix
86.2%
Bruno (Fire Red)
Machamp
86.2%
Bruno (Fire Red)
Onix
86.2%
Bruno (Fire Red)
Onix
86.2%
Bruno (HG)
Hitmonchan
85.8%
Bruno (Fire Red)
Hitmonchan
85.8%
Will
Jynx
84.5%
Lorelei
Jynx
84.5%
Lorelei
Dewgong
84.5%
Agatha
Haunter
84.1%
Will
Slowbro
82%
Lorelei
Slowbro
82%
Lorelei
Cloyster
81.6%
Lance
Aerodactyl
79.9%
Lance
Gyarados
79.5%
Agatha
Arbok
79.1%
Bruno (HG)
Hitmontop
77%
Will
Xatu
75.7%
Will
Xatu
75.7%
Agatha
Golbat
71.1%
Koga
Muk
70.3%
Karen
Houndoom
67.8%
Karen
Umbreon
67.8%
Koga
Crobat
67.8%
Karen
Murkrow
64.9%
Sidney (Ruby)
Absol
64.4%
Phoebe
Dusclops
64%
Phoebe
Dusclops
64%
Glacia
Glalie
62.8%
Glacia
Glalie
62.8%
Hint
Answer
% Correct
Phoebe
Banette
61.9%
Phoebe
Banette
61.9%
Koga
Ariados
61.5%
Koga
Venomoth
59.8%
Drake (Ruby)
Salamence
59.4%
Glacia
Walrein
59.4%
Karen
Vileplume
59%
Drake (Ruby)
Flygon
58.6%
Drake (Ruby)
Flygon
58.6%
Phoebe
Sableye
58.6%
Sidney (Ruby)
Mightyena
58.2%
Sidney (Ruby)
Mightyena
58.2%
Sidney (Ruby)
Cacturne
56.9%
Glacia
Sealeo
54.4%
Glacia
Sealeo
54.4%
Drake (Ruby)
Shelgon
51.5%
Will
Exeggutor
49.8%
Koga
Forretress
48.5%
Drake (Ruby)
Altaria
47.7%
Flint (Pearl)
Steelix
43.1%
Lucian (Pearl)
Alakazam
42.3%
Flint (Pearl)
Infernape
38.1%
Aaron (Pearl)
Beautifly
37.2%
Aaron (Pearl)
Dustox
36.8%
Aaron (Pearl)
Drapion
36.8%
Bertha (Pearl)
Hippowdon
36.4%
Bertha (Pearl)
Golem
31.8%
Lucian (Pearl)
Bronzong
30.5%
Lucian (Pearl)
Mr. Mime
30.1%
Aaron (Pearl)
Heracross
29.7%
Flint (Pearl)
Rapidash
26.8%
Flint (Pearl)
Lopunny
26.8%
Flint (Pearl)
Drifblim
24.7%
Bertha (Pearl)
Quagsire
23.4%
Lucian (Pearl)
Girafarig
20.9%
Bertha (Pearl)
Sudowoodo
20.5%
Aaron (Pearl)
Vespiqueen
19.7%
Sidney (Ruby)
Shiftrey
16.7%
Lucian (Pearl)
Medicham
14.6%
Bertha (Pearl)
Wiscash
11.3%
Quiz Playlist
Details
Report
Send in Message
Add To Playlist
Classic:
Type in answers that appear in a list
Last Updated: Feb 16, 2017
Quiz Scoreboard
CHALLENGE
Sign Up to Join the Scoreboard
Show All
Scores
Hide
Comments
May contain spoilers
Recently Published
Holiday 10x10 Sorting Gallery
by lukepisani3
Holiday
15m
Two Season TV Shows II
by 123Four
Television
10m
Image Sorting: Flags VI
by Barbecue
Geography
2m
More to Explore
Quiz From the Vault
Featured Blog Post
14 Easter Pick-up Lines to Find Eggs With
hide this ad
You Might Also Like...
Tags
Pokémon Quiz
Elite Four
Gym Leaders
Today's Top Quizzes in Miscellaneous
Browse Miscellaneous
hide this ad
Today's Top Quizzes in Pokémon
Browse Pokémon
Top Contributed Quizzes in Miscellaneous
1
The JOE quick-fire general knowledge quiz: Day 174
2
9x9 Crossword: Disney Movie Titles
3
The JOE quick-fire general knowledge quiz: Day 173
4
5-to-1: Fast Food
5
9x9 Crossword: Charlie and the Chocolate Factory
6
9x9 Crossword: The Simpsons
7
9x9 Crossword: Flags
8
9x9 Crossword: Actors
9
9x9 Crossword: 2022 Movies
10
9x9 Crossword: Pixar Movie Titles
Explore More
Trending Topics
NBA
Anime
Marvel
Harry Potter
Disney
Crossword
Kpop
Puzzle
WWE
The Office
Pokémon
NFL
Soccer
Song
Country
hide this ad
More By:
Timmy123
Quiz
Plays
Rating
Category
Featured
Created
Elite Four Pokemon
239
2.00
Miscellaneous
Apr 9, 2014
Match the Artist to the Correct Song
87
2.50
Music
Jun 12, 2013
Black NHL players
79
2.33
Sports
Jun 14, 2013
Go to Creator's Profile
Score Distribution
Quiz Creator Spotlight
Timmy123
Follow
Send a Message
Quizzes Created
-
Created Quiz Play Count
-
More By This Creator
Popular Quizzes Today
1
Find the US States - No Outlines Minefield
2
Colored Red Africa Blitz
3
Find the 'City' Movie
4
The Countries of the World
5
Find the US States
6
5x2 Blitz: Bands
7
Find the Countries of Europe - No Outlines Minefield
8
US States
More Miscellaneous Quizzes
Three-Syllable Blitz
Published
Trending Quizzes
Colored Red Europe Blitz I
Colored Red Europe Blitz II
Colored Red Africa Blitz II
Colored Red Europe Blitz III
Colored Red Africa Blitz III
Recently Updated
Odd Team Out - Big 4 Players
pecheneg
Quick Pick: 20 Twenties
pecheneg
March Madness Men's Triple Doubles
pecheneg
How Do You Spell That?
pecheneg
Godzilla Movies
pecheneg
Grab Bag: 4-10 Letters
pecheneg
2024 March Madness Bracket
pecheneg
Famous TV Couples
Peacemaker
Champions League XIs: Real Madrid
pecheneg
Largest US Cities 1790-2010
pecheneg
Trending Topics
Kpop
Harry Potter
NBA
Anime
Crossword
Disney
Marvel
Pokémon
Country
NFL
WWE
Soccer
Puzzle
Song
The Office
Your Account Isn't Verified!
In order to create a playlist on Sporcle, you need to verify the email address you used during registration. Go to your
Sporcle Settings
to finish the process.
Report this User
Report this user for behavior that violates our
Community Guidelines
.
Details:
Send Report
Go to the Sporcle.com Mobile Site →
Comments